Φορτώνει......

The novels of Ruth Prawer Jhabvala: a critical evaluation/

Λεπτομέρειες βιβλιογραφικής εγγραφής
Κύριος συγγραφέας: Prasunjay Kumar Sinha
Μορφή: Printed Book
Έκδοση: Jaipur: Aadi Publications, 2013.
Θέματα:
LEADER 00743 a2200169 4500
020 |a 9789382630104 
082 |a 823 JHA 09  |b Q3 
100 |a Prasunjay Kumar Sinha.  |9 19619 
245 |a The novels of Ruth Prawer Jhabvala:   |b a critical evaluation/  |c Prasunjay Kumar Sinha. 
260 |a Jaipur:  |b Aadi Publications,  |c 2013. 
300 |a 110p. 
504 |a Includes bibliographical references and index. 
650 |a English fiction-History and criticism.  |9 19701 
650 |a Jhabvala, Ruth Prawer -Criticism and interpretation.  |9 19702 
942 |c BK 
999 |c 63193  |d 63193 
952 |0 0  |1 0  |4 0  |6 823_000000000000000_JHA_09_Q3  |7 0  |9 55028  |a MGUL  |b MGUL  |c GEN  |d 2014-02-26  |e Arunima books bill no 200 dated 26/02/2014  |g 495.00  |l 0  |o 823 JHA 09 Q3  |p 51334  |r 2014-11-29  |y BK